| 000 | 00820nam a2200229Ia 4500 | ||
|---|---|---|---|
| 003 | OSt | ||
| 005 | 20210824095813.0 | ||
| 008 | 210310s1998 cl ad fr 000 0 spa d | ||
| 040 |
_aCO-JMCR _cCO-JMCR |
||
| 041 | 0 | _aspa | |
| 082 | 0 | 4 |
_a336.3 / _bC733p _223 |
| 110 | 2 |
_aComisión Económica para América Latina y el Caribe _93019 |
|
| 245 | 1 | 3 |
_aEl pacto fiscal : _bfortalezas, debilidades, desafíos / _cComisión Económica para América Latina y el Caribe |
| 260 |
_aSantiago de Chile : _bNaciones Unidas, _c1998 |
||
| 300 |
_a2 volúmenes : _bilustraciones y gráficas a blanco y negro ; _c27 cm. |
||
| 500 | _aIncluye notas a pie de página. | ||
| 505 | 0 |
_gV.2. _tSíntesis |
|
| 650 | 1 | 4 |
_aPolítica fiscal _917075 |
| 650 | 2 | 4 |
_aHacienda pública _939582 |
| 650 | 2 | 4 |
_aGastos públicos _939583 |
| 942 |
_2ddc _cBK |
||
| 999 |
_c8370 _d8370 |
||